| 000 | 00607nam a2200133Ia 4500 | ||
|---|---|---|---|
| 008 | 100328s9999 xx 000 0 und d | ||
| 082 | _b26154 | ||
| 100 | _aबांदिवडेकर चंद्रकांत | ||
| 245 | _aमराठी कादंबरी चिंतन आणि समिक्षा | ||
| 260 | _bमेहता पब्लिशिंग हाऊस | ||
| 630 | _aमराठी कादंबरी चिंतन आणि समिक्षा | ||
| 730 | _aमराठी कादंबरी चिंतन आणि समिक्षा | ||
| 942 | _cBOOK | ||
| 999 |
_c518646 _d518643 |
||